000 00332 a2200145 4500
001 149119
040 _cEscola São Tomás de Aquino
100 _aMUNIZ, Flávia
240 1 0 _aRita, não grita!
_lpor
245 1 0 _aRita, não grita!
362 0 _a2005
440 1 _aMelhoramentos
697 _a*LITERATURA INFANTO
942 _cBK
999 _c149119
_d149119